Normal view
MARC view
- ENGINEERING MECHANICS STATICS AND DYNAMIICS
Entry Topical Term
001 - CONTROL NUMBER
- control field: 132696
003 - CONTROL NUMBER IDENTIFIER
- control field: NUST
005 - DATE AND TIME OF LATEST TRANSACTION
- control field: 20260102143956.0
008 - FIXED-LENGTH DATA ELEMENTS
- fixed length control field: 260102|| aca||aabn | a|a d
040 ## - CATALOGING SOURCE
- Original cataloging agency: NUST
- Transcribing agency: NUST
150 ## - HEADING--TOPICAL TERM
- Topical term or geographic name entry element: ENGINEERING MECHANICS STATICS AND DYNAMIICS
670 ## - SOURCE DATA FOUND
- Source citation: Work cat.: (NUST): HIBBELER, R.C, ENGINEERING MECHANICS STATICS AND DYNAMIICS, 1998.
